| 000 | 00422nam a2200157Ia 4500 | ||
|---|---|---|---|
| 999 |
_c20495 _d20495 |
||
| 003 | OSt | ||
| 005 | 20211129115705.0 | ||
| 008 | 190216s9999||||xx |||||||||||||| ||und|| | ||
| 040 | _coclc | ||
| 082 |
_a954 _bIND/M |
||
| 245 | 0 | _aModern India 1857-1964 / | |
| 260 |
_bIndira Gandhi Open University, _c1993. |
||
| 300 | _a70p | ||
| 650 | _aIndian History | ||
| 942 |
_cBK _2ddc _h954 _iIND/M _k954 _mIND/M |
||